LEADER 01127cam0-22003011i-450- 001 990004148810403321 005 20140306142752.0 035 $a000414881 035 $aFED01000414881 035 $a(Aleph)000414881FED01 035 $a000414881 100 $a19990604d1818----km-y0itay50------ba 101 0 $alat 102 $aDE 140 $aa-------------------bb0----- 200 1 $aClavis ciceroniana sive indices rerum et verborum philologico-critici in Opera Ciceronis accedunt graeca Ciceronis necessariis observationibus illustrata$fJo. Augusti Ernesti 205 $aEditio quinta 210 $aHalae et Berolini$ce librariis orphanotrophei$d1818 215 $aXVI, 664, 62 p.$d19 cm 676 $a870$v22$zita 700 1$aErnesti,$bJohann August$f<1707-1781>$0189833 801 0$aIT$bUNINA$gRICA$2UNIMARC 901 $aAQ 912 $a990004148810403321 952 $aSG 870/A 105$bBIBL.27383$fFLFBC 959 $aFLFBC 996 $aClavis ciceroniana sive indices rerum et verborum philologico-critici in Opera Ciceronis accedunt graeca Ciceronis necessariis observationibus illustrata$9474787 997 $aUNINA LEADER 01140nam--2200373---450- 001 990003651800203316 005 20120416163108.0 010 $a978-88-634-5246-4 035 $a000365180 035 $aUSA01000365180 035 $a(ALEPH)000365180USA01 035 $a000365180 100 $a20120416d2011----km-y0itay50------ba 101 $aita 102 $aIT 105 $ay|||||||001yy 200 1 $aChromothinking$eun approccio innovativo al business. Il metodo Insights discovery$fe. Bartalotta, A. Mastrapasqua, B. Viano 210 $aMilano$cGruppo 24 ore$d2011 215 $aXVIII, 130 p.$d24 cm 225 2 $a<> libri di Mark up 410 0$12001$a<> libri di Mark up 606 0 $aMarketing$aPsicologia$2BNCF 676 $a658.80019$v22 700 1$aBARTALOTTA,$bEnzo$0612104 701 1$aMASTRAPASQUA,$bArmando$0612105 702 1$aVIANO,$bBruno 801 0$aIT$bsalbc$gISBD 912 $a990003651800203316 951 $a658.800 BAR 1$b79980 E.C.$c658.800$d00309583 959 $aBK 969 $aECO 979 $aCHIARA$b90$c20120416$lUSA01$h1631 996 $aChromothinking$91140109 997 $aUNISA